| 000 | 01366nam a22001577a 4500 | ||
|---|---|---|---|
| 999 |
_c521589 _d521589 |
||
| 008 | 230215b ||||| |||| 00| 0 eng d | ||
| 100 |
_aPanda, R., Lahoti, S. and Prabhu, R.R. _937297 |
||
| 245 | _aExamining socio-economic inequalities in tobacco cessation in India: An analysis of the global adult tobacco survey 2 | ||
| 260 | _aProductivity | ||
| 300 | _a62(4), Jan-Mar, 2022: p.355-367 | ||
| 520 | _aThe aim of this study is to examine the socio-economic patterns of tobacco cessation among tobacco users (smokers as well as smokeless tobacco users). Data on tobacco users was derived from the Global Adult Tobacco Survey 2016-17 (GATS-2). Univariate and multivariate logistic regression was used to examine the association of socio-demographic variables with tobacco cessation outcomes. Tobacco users of lower socio-economic status were found to be less successful in quitting, compared with their counterparts of higher socio-economic. The inequalities identified suggest targeted interventions for particular groups of tobacco users. Decreases in morbidity and mortality attributable to tobacco will have long-term effects on productivity of the population. – Reproduced | ||
| 650 |
_aSocio-economic inequalities, Tobacco cessation, lysis of the global adult tobacco survey _937298 |
||
| 773 | _aProductivity | ||
| 906 | _aDRUG ABUSE | ||
| 942 | _cAR | ||